Arabipponnu_Malayalam (Record no. 38098)

MARC details
000 -LEADER
fixed length control field 01308nam a22002057a 4500
020 ## - INTERNATIONAL STANDARD BOOK NUMBER
ISBN 9788171305162
082 ## - DEWEY DECIMAL CLASSIFICATION NUMBER
Classification number 920 VAS
100 ## - MAIN ENTRY--AUTHOR NAME
Personal name Vasudevan Nair M T
100 ## - MAIN ENTRY--AUTHOR NAME
Personal name Muhammad N P
245 ## - TITLE STATEMENT
Title Arabipponnu_Malayalam
250 ## - EDITION STATEMENT
Edition statement 1
260 ## - PUBLICATION, DISTRIBUTION, ETC. (IMPRINT)
Name of publisher DC Books
Place of publication Kottayam
Year of publication 2024
300 ## - PHYSICAL DESCRIPTION
Number of Pages Number of pages : 440
500 ## - GENERAL NOTE
General note Category : Novel, Rush Hours
520 ## - SUMMARY, ETC.
Summary, etc เด’เดฐเต เดšเต†เดฑเดฟเดฏ เดจเด—เดฐเดคเตเดคเดฟเดจเตเดฑเต† เดตเดฒเดฟเดฏ เด•เดฅเดฏเดพเดฃเดฟเดคเต. เดธเดฎเต‚เดนเดคเตเดคเดฟเดฒเต† เดชเดฒ เด…เดŸเตเดŸเดฟเด•เดณเดฟเดฒเตเด‚ เด…เดฑเด•เดณเดฟเดฒเตเดฎเตเดณเตเดณ เดตเตเดฏเด•เตเดคเดฟเด•เดณเต†เดฏเตเด‚ เด…เดตเดฐเตเดŸเต† เดตเตˆเด•เดพเดฐเดฟเด•เดœเต€เดตเดฟเดคเดคเตเดคเต†เดฏเตเด‚ เด…เดตเดฟเดŸเต† เด•เดพเดฃเดพเด‚. เด…เดคเตเดญเตเดคเด•เดฐเดตเตเด‚ เดญเต€เดคเดฟเดœเดจเด•เดตเตเดฎเดพเดฏ เด’เดฐเต เดชเตเดคเดฟเดฏ เดฒเต‹เด•เดคเตเดคเดฟเดจเตเดฑเต† เด•เดฅ. เดชเตเดฐเดถเดธเตเดคเดฐเดพเดฏ เดฐเดฃเตเดŸเต เด•เดฅเดพเด•เดพเดฐเดจเตเดฎเดพเตผ เดšเต‡เตผเดจเตเดจเต†เดดเตเดคเดฟเดฏ เดฎเดฒเดฏเดพเดณเดคเตเดคเดฟเดฒเต† เด†เดฆเตเดฏเดจเต‹เดตเตฝ. A big story in a small town. Arabipponnu is the first Malayalam novel written by two renowned novelists, M.T. Vasudevan Nair and N.P. Muhammad.
546 ## - LANGUAGE NOTE
Language note Language : Malayalam
650 ## - SUBJECT ADDED ENTRY--TOPICAL TERM
Topical Term GEN
942 ## - ADDED ENTRY ELEMENTS (KOHA)
Koha item type Text Book
952 ## - LOCATION AND ITEM INFORMATION (KOHA)
Damaged status
Not for loan
Holdings
Withdrawn status Collection code Permanent Location Current Location Date acquired Source of acquisition Cost, normal purchase price Inventory number Full call number Accession Number Price effective from Koha item type
  GENERAL VAST Central Library VAST Central Library 25/11/2025 DC Bookshop,Thrissur 499.00 000729 920 VAS 38237 18/12/2025 Text Book